000 00311nam a2200133Ia 4500
008 150201s2006 xx 000 0 und d
082 _a618.92
_bP06G
100 _aGUPTE,SURAJ
245 _aTB OF PEDIARICS NUTRITION
250 _a1ST
260 _bPEEPEE
_aDELHI
_c2006
650 _aPAEDIATRICS
942 _2ddc
_cBK
999 _c665
_d665